000 01219nam2a2200265 4500
001 RU\NLR\BIBL_A\022708902
005 20260331144132.0
010 _a978-5-389-30374-4
_92000
021 _aRU
_bАЛ-П-25-01322и
_9АЛ-П-25-0249
035 _a(NLR Aleph) 022708902
090 _a13540478
_c13540478
100 _a20260126d2025 u y0rusy50 ca
101 1 _arus
_ceng
102 _aRU
105 _aa t 000ay
200 1 _aГранвиль. Черная душа
_aГранвиль. Новый год
210 _d2025
215 _a214, [1] с.
_cил., цв. ил.
333 _a18+
461 0 _1001RU\NLR\BIBL_A\022658819
_12001#$aГранвиль$eграфический роман$fБрайан Тэлбот$g[перевод с английского Екатерины Доброхотовой-Майковой]$v[Кн. 2]
_1700#1$aТэлбот$bБ.$f1952-$gБрайан$3RU\NLR\AUTH\770286974
_913470326
_aТэлбот, Б. (1952-)
_cСанкт-Петербург
_d2025-
_fБрайан Тэлбот
_nАзбука
_oграфический роман
_tГранвиль
_v[Кн. 2]
942 _cBOOK
980 _aNB